Statistics for Biggest Countries of Asia

Click here to take the quiz!

General Stats

  • This quiz has been taken 191 times
    (175 since last reset)
  • The average score is 18 of 20

Answer Stats

Area (km2)Country% Correct
9,596,961China
100%
3,287,263India
99%
1,904,569Indonesia
97%
1,564,116Mongolia
97%
13,138,242Russia
97%
2,149,690Saudi Arabia
97%
1,648,195Iran
96%
377,915Japan
95%
796,095Pakistan
95%
438,317Iraq
93%
2,724,900Kazakhstan
92%
783,562Turkey
90%
513,120Thailand
89%
447,400Uzbekistan
87%
331,210Vietnam
87%
652,230Afghanistan
84%
329,847Malaysia
84%
488,100Turkmenistan
84%
676,578Myanmar
82%
527,968Yemen
75%

Score Distribution

Percentile by Number Answered

Percent of People with Each Score

Your Score History

You have not taken this quiz since the last reset